| 000 | 00515nam a22001817a 4500 | ||
|---|---|---|---|
| 003 | OSt | ||
| 005 | 20240626130442.0 | ||
| 008 | 240626b |||||||| |||| 00| 0 eng d | ||
| 020 | _a 1861923619 | ||
| 040 | _cMUST | ||
| 082 | _a362.5 REA 2000 | ||
| 245 |
_aShadows Behind The Screen _bThe 'Costs' of sending children toschool a six country comparative study |
||
| 260 |
_bAndy Brock _c2002 |
||
| 300 |
_axi,125p; _bcol. ill.; _c23cm |
||
| 504 | _areferences included | ||
| 650 | _2Economics | ||
| 942 |
_2ddc _cO_SHELF |
||
| 999 |
_c8934 _d8934 |
||